[Event "Close encounters"]
[Site "SchemingMind.com"]
[Date "2019.04.20"]
[Round "-"]
[White "Allan Sedstrem"]
[Black "Timaeus"]
[Result "1-0"]
[WhiteCountry "SCO"]
[BlackCountry "JPN"]
[WhiteElo "1555"]
[WhiteRD "69"]
[BlackElo "1334"]
[BlackRD "73"]
[GameID "440398"]

1. d4 e6 2. e4 Nc6 3. Nf3 b6 4. c3 d5 5. Qa4 Bb7 6. Bb5 Ne7 7. O-O g6 8. Bg5 h6 9. Bxe7 Bxe7 10. Bxc6+ Bxc6
11. Qxc6+ Kf8 12. Nbd2 Kg7 13. Ne5 Bd6 14. Ndf3 Re8 15. exd5 Qe7 16. Rae1 Rad8 17. dxe6 Qxe6 18. Qb7 a5 19. Nc6 Rd7 20. Rxe6 fxe6
21. Nce5 Bxe5 22. Nxe5
1-0